000 00348nam a2200121Ia 4500
008 151213s9999 xx 000 0 und d
245 _aReport OF The Poverty Monitoring Servay . May - 1999
260 _aBangladesh
_bBangladesh Bureau Of Statistics
_c2002
300 _a1591 p.
650 _aEconomics
650 _aEconomics Reference
999 _c1213
_d1213